01005cam a22002411 4500001001300000003000400013005001700017007001500034008004100049010001700090035001800107040002800125042001200153050001500165100004900180245020800229260007000437300004000507530006900547651004500616610005100661856005100712rc 01002437 DLC20260227111906.0cr_|||||||||||730124s1881 nyua 000 0 eng  arc 01002437  a(OCoLC)545806 aDLCcOKentUdOCoLCdDLC apremarc00aF215b.C871 aCowan, John F.q(John Franklin),d1854-1942.12aA new invasion of the South.bBeing a narrative of the expedition of the Seventy-first infantry, National guard, through the southern states, to New Orleans. February 24-March 7, 1881.cBy John F. Cowan. aNew York city,bBoard of officers, Seventy-first Infantry,c1881. a[5]-103, 24, [3] p.billus.c19 cm. aAlso available in digital form on the Internet Archive Web site. 0aSouthern StatesxDescription and travel.10aNew York infantry.b71st regt. (Militia) 1852-41uhttp://hdl.loc.gov/loc.gdc/scd0001.00013768122